000 00281nam a2200121 a 4500
005 20140414131935.0
008 110119s19uu xx 00 eng d
050 _aREF 591.45
_bB35 2006
245 _aBeach.
260 _bTicktock.
440 _aWhat can eye see?
999 _c112431
_d112431